000 00681nam a2200181 a 4500
001 000047098
005 20250403120424.0
008 180416s2017 dr ac 000 0 spa d
040 _aDO-SdBNP
_bspa
_cBNPHU
082 _axxx
_bR426p
110 1 _aRepública Dominicana.
_bDirección General de Aduanas.
_943102
245 1 0 _aPlan estratégico institucional 2017-2021. /
_cdirector general Enrique A. Ramírez Paniagua.
260 _aSanto Domingo, :
_bDGA,
_c[2017].
300 _a20 p. :
_bil., retrs. ;
_c26 cm.
590 _aInventariado, 2018/ YL
700 1 2 _aRamírez Paniagua, Enrique A.
_edir.
_972775
710 1 _aRepública Dominicana.
_bDirección General de Aduanas.
_943102
999 _c46586
_d46586